=LDR 00000nam 2200000 4500 =001 NUTBA000000000003175 =005 20140805152503.0 =006 =007 =008 =020 ##$$a 978-979-043-190-4 =035 ##$$a 0010-081400000000019 =040 ##$$a NBPDMAT =082 ##$$a 510 =090 ##$$a 510 $b Jan j =100 ##$$a Janu Ismadi =245 ##$$a Jagat matematika untuk SMA / MA program ilmu pengetahuan alam kelas XII / $c oleh Janu Ismadi =260 ##$$a Jakarta : $b Penca, $c 2012 =300 ##$$a xi, 248 hlm. : $b ilus. ; $c 30 cm. =650 ##$$a Matematika SMA =990 ##$$a 21406907 =990 ##$$a 57415741 =990 ##$$a 01201805741